टँक्स फ्री आणि इतर एकांकिका (Record no. 308502)

MARC details
000 -LEADER
fixed length control field 00706nam a2200169Ia 4500
008 - FIXED-LENGTH DATA ELEMENTS--GENERAL INFORMATION
fixed length control field 090711s9999 xx 000 0 und d
082 ## - DEWEY DECIMAL CLASSIFICATION NUMBER
Item number 76791
100 ## - MAIN ENTRY--PERSONAL NAME
Personal name फळसकर Sांद्रशेखर
245 ## - TITLE STATEMENT
Title टँक्स फ्री आणि इतर एकांकिका
260 ## - PUBLICATION, DISTRIBUTION, ETC. (IMPRINT)
Name of publisher, distributor, etc कॉन्टीनेन्टल प्रकाशन
Date of publication, distribution, etc 1995
300 ## - PHYSICAL DESCRIPTION
Extent 95
600 ## - SUBJECT ADDED ENTRY--PERSONAL NAME
Personal name फळसकर Sांद्रशेखर
630 ## - SUBJECT ADDED ENTRY--UNIFORM TITLE
Uniform title टँक्स फ्री आणि इतर एकांकिका
700 ## - ADDED ENTRY--PERSONAL NAME
Personal name फळसकर Sांद्रशेखर
730 ## - ADDED ENTRY--UNIFORM TITLE
Uniform title टँक्स फ्री आणि इतर एकांकिका
942 ## - ADDED ENTRY ELEMENTS (KOHA)
Koha item type Book
Holdings
Withdrawn status Lost status Damaged status Not for loan Home library Current library Date acquired Cost, normal purchase price Total Checkouts Full call number Barcode Date last seen Cost, replacement price Price effective from Koha item type
        Dadar Sarvajanik Vachanalaya, Dardar Dadar Sarvajanik Vachanalaya, Dardar 07/11/2009 40.00   76791 DASAVA-76791 07/11/2009 40.00 07/11/2009 Book